| 000 | 00749nam a2200229Ia 4500 | ||
|---|---|---|---|
| 001 | 13606 | ||
| 003 | GE_BSU | ||
| 008 | 181216s||||||||xx |||||||||||||| ||und|| | ||
| 040 | _cGE_BSU | ||
| 080 | _a691(075.32) | ||
| 100 | _aНагибин,Г.В. | ||
| 245 | _aОсновы технологии строительных материалов. | ||
| 245 | _bУчебник. | ||
| 245 | _cПод ред. М.А.Матвеева. Ред. Л.Б.Лохова. | ||
| 250 | _aИзд. 2-е, перераб. и доп. | ||
| 260 | _aМ. | ||
| 260 | _bВысшая школа. | ||
| 260 | _c1969. | ||
| 300 | _a352 стр. 20см. с илл. | ||
| 653 | _aОсновы технологии строительных материалов. | ||
| 942 | _cBK | ||
| 999 |
_c46762 _d46762 |
||